000 00640nam a2200205Ia 4500
008 140626s9999 xx 000 0 und d
100 _aKaw.
245 _aDevelopment and assessment of digital audiovisual youtube lectures for an engineering course in numerical methods /
_cKaw ... [et al.].
260 _cc2011.
300 _a2 : 2, page 89
440 _aComputers in Education Journal
521 _aIT
650 _aCyber learning.
650 _aDigital audiovisual lectures.
650 _aEngineering.
650 _aLecture development/assessment.
650 _aModular videos.
650 _aYoutube videos.
942 _cSE
999 _c120913
_d120913